|
|
|
|
| LEADER |
00000nam a22000007a 4500 |
| 005 |
20180515213632.0 |
| 007 |
cr|||| |||| |
| 008 |
180515s2018 mx |||||s|||| 00||0 spa d |
| 020 |
|
|
|a 978-607-629-168-9
|
| 035 |
|
|
|a 21683
|
| 040 |
|
|
|a vLex
|
| 090 |
|
|
|c 7958
|d 7958
|
| 100 |
1 |
|
|a Přez Chv̀ez, Još
|
| 245 |
1 |
0 |
|a Taller de prc̀ticas laborales y de seguridad social 2018
|h [Recurso electrn̤ico] /
|c Jos ̌Přez Chv̀ez, Raymundo Fol Olgun̕
|
| 256 |
|
|
|a Servicio en ln̕ea
|
| 260 |
|
|
|a Ciudad de Mx̌ico:
|b Tax Editores,
|c 2018
|
| 300 |
|
|
|a 1 recurso electrn̤ico
|
| 500 |
|
|
|a El Derecho del trabajo naci ̤a partir de la necesidad de establecer un equilibrio entre los factores de produccin̤ (capital y trabajo). Sin embargo, el hecho de procurar las necesidades de los trabajadores no significa que se desatiendan los derechos y garanta̕s de los patrones. De ah ̕que la Ley Federal del Trabajo determine la normatividad a seguir para que las relaciones laborales se establezcan con equidad. A travš de esta obra los estudiantes, profesionistas, patrones y trabajadores conocerǹ, principalmente, las nuevas modalidades de contratacin̤; las reglas aplicables al periodo de prueba; las normas reguladoras de las condiciones generales del trabajo; las disposiciones relativas a la prohibicin̤ del trabajo para los menores de 15 aǫs; y diversas restricciones para el trabajo de los menores de 18 aǫs. Los derechos de las mujeres embarazadas y el permiso de paternidad de cinco da̕s laborales o, en su caso, por la adopcin̤ de un infante. El derecho de los trabajadores a participar en las utilidades de las empresas; la contratacin̤ de trabajadores extranjeros; el tratamiento laboral a los comisionistas, sin olvidar a los intermediarios laborales (mejor conocidos como outsourcing); entre otras cuestiones. Asimismo, se analizan las disposiciones de la Ley de Ayuda Alimentaria para los Trabajadores y su respectivo reglamento. En materia de seguridad social se abunda sobre las obligaciones que los patrones deben cumplir cuando afilian a sus trabajadores al IMSS, considerando el salario base de cotizacin̤ para enterar, de manera correcta, las cuotas obrero-patronales. Adicionalmente, se ha incluido un capt̕ulo especf̕ico para analizar el estm̕ulo fiscal al pago de dichas cuotas ante el Instituto y as ̕ incentivar la adhesin̤ al rǧimen de incorporacin̤ fiscal (RIF).
|
| 506 |
1 |
|
|a Disponible solo en los productos indicados
|d vLex Global
|d vLex Global (Academic Edition, excluding Law Schools)
|d vLex Global (U.S. Academic Edition, Law Schools)
|d vLex Global (U.S. Academic Edition, excluding Law Schools)
|d vLex Global (Academic Edition, Law Schools)
|
| 650 |
0 |
4 |
|a Derecho Laboral y Seguridad Social
|z Mx̌ico
|
| 650 |
0 |
4 |
|a Derecho Fiscal
|z Mx̌ico
|
| 700 |
1 |
|
|a Fol Olgun̕, Raymundo
|
| 740 |
0 |
|
|a vLex Libros (Servicio en ln̕ea)
|
| 856 |
4 |
0 |
|u http://vlex.com/source/taller-de-practicas-laborales-y-de-seguridad-social-2018-21683
|z Acceso restringido
|
| 942 |
|
|
|c BOOK
|
| 999 |
0 |
|
|a Labor Law and Social Security
|
| 999 |
0 |
|
|a Tax Law
|